| 000 | 00666nam a2200217I 4500 | ||
|---|---|---|---|
| 001 | 18572 | ||
| 003 | BD-RjUL | ||
| 005 | 20211209000314.0 | ||
| 008 | 140220s1953 enk 00001 eng d | ||
| 035 | _a(BD-RjUL)18630 | ||
| 040 |
_aDLC _cWSU _dSER _dm.c. _dBOS _dBD-RjUL _beng |
||
| 041 | _aeng | ||
| 082 | 0 | 0 |
_a822.33 _bSHS 1953 |
| 100 | 1 |
_aShakespeare, William, _d1564-1616. _957212 |
|
| 245 | 1 | 4 |
_aThe second part of the history of King Henry IV / _cWilliam Shakespeare. |
| 260 |
_aCambridge [Eng.] _bUniversity Press, _c1953. |
||
| 300 |
_a231 p. : _c18 cm. |
||
| 600 | 0 | 0 |
_aHenry _cKing of England, _d1421-1471 _xDrama. _957233 |
| 942 |
_2ddc _cBK |
||
| 999 |
_c18572 _d18572 |
||